Arte monumental prehistórico : excavaciones hechas en el Alto Magdalena y San Agustí­n (Colombia) : comparación arqueológica con las manifestaciones artí­sticas de las demás civilizaciones americanas (Record no. 5635)

MARC details
000 -LEADER
campo de control de longitud fija 00624nam a2200145Ia 4500
008 - DATOS DE LONGITUD FIJA--INFORMACIÓN GENERAL
campo de control de longitud fija 231129s2013||||xx |||||||||||||| ||spa||
020 ## - NÚMERO INTERNACIONAL ESTÁNDAR DEL LIBRO
Número Internacional Estándar del Libro 978-958-8852-01-0
040 ## - FUENTE DE CATALOGACIÓN
Lengua de catalogación spa
082 ## - NÚMERO DE LA CLASIFICACIÓN DECIMAL DEWEY
Número de clasificación 913.86 P943a
100 ## - ENTRADA PRINCIPAL--NOMBRE DE PERSONA
Nombre de persona Preuss Konrad Theodor
245 #0 - MENCIÓN DEL TÍTULO
Título Arte monumental prehistórico : excavaciones hechas en el Alto Magdalena y San Agustí­n (Colombia) : comparación arqueológica con las manifestaciones artí­sticas de las demás civilizaciones americanas
260 ## - PUBLICACIÓN, DISTRIBUCIÓN, ETC.
Fecha de publicación, distribución, etc. 2013
264 ## - PRODUCCIÓN, PUBLICACIÓN, DISTRIBUCIÓN, FABRICACIÓN Y COPYRIGHT
Producción, publicación, distribución, fabricación y copyright Bogotá Colombia : Instituto Colombiano de Antropologí­a e Historia ICANH
942 ## - ELEMENTOS DE ENTRADA SECUNDARIOS (KOHA)
Fuente del sistema de clasificación o colocación Clasificación Decimal Dewey
Tipo de ítem Koha
Holdings
Estatus retirado Estado de pérdida Fuente del sistema de clasificación o colocación Estado de daño No para préstamo Biblioteca de origen Biblioteca actual Fecha de adquisición Total de préstamos Signatura topográfica completa Código de barras Visto por última vez Copia número Precio de reemplazo Tipo de ítem Koha
    Clasificación Decimal Dewey     BIBLIOTECA PÚBLICA MUNICIPAL RAMON CORREA MEJIA BIBLIOTECA PÚBLICA MUNICIPAL RAMON CORREA MEJIA 10/03/2016   913.86 P943a 37140 29/11/2023 1 29/11/2023 Libros

Powered by Koha